Fasting, Feasting / (Record no. 492664)
[ view plain ]
| 000 -LEADER | |
|---|---|
| fixed length control field | 00848nam a22002057a 4500 |
| 003 - CONTROL NUMBER IDENTIFIER | |
| control field | OSt |
| 005 - DATE AND TIME OF LATEST TRANSACTION | |
| control field | 20260511122110.0 |
| 008 - FIXED-LENGTH DATA ELEMENTS--GENERAL INFORMATION | |
| fixed length control field | 260511b |||||||| |||| 00| 0 eng d |
| 020 ## - INTERNATIONAL STANDARD BOOK NUMBER | |
| Terms of availability | 9781784873936 |
| 040 ## - CATALOGING SOURCE | |
| Original cataloging agency | Kenya National Library Service |
| 082 ## - DEWEY DECIMAL CLASSIFICATION NUMBER | |
| Classification number | 823.91 DES |
| 100 ## - MAIN ENTRY--PERSONAL NAME | |
| Personal name | Desai, Anita |
| Relator term | author |
| 245 ## - TITLE STATEMENT | |
| Title | Fasting, Feasting / |
| Statement of responsibility, etc. | Anita Desai |
| 300 ## - PHYSICAL DESCRIPTION | |
| Extent | 228 pages ; |
| Dimensions | 20 cm. |
| 520 ## - SUMMARY, ETC. | |
| Summary, etc. | The story of "Uma, the plain older daughter of an Indian family, tied to the household of her childhood and tending to her parents' every extravagant demand, and of her younger brother, Arun, across the world in Massachusetts, bewildered by his new life in college and the suburbs, where he lives with the Patton family |
| 650 ## - SUBJECT ADDED ENTRY--TOPICAL TERM | |
| Topical term or geographic name entry element | Family - fiction |
| 942 ## - ADDED ENTRY ELEMENTS (KOHA) | |
| Source of classification or shelving scheme | Dewey Decimal Classification |
| Koha item type | Books |
| Suppress in OPAC | No |
| Withdrawn status | Source of classification or shelving scheme | Damaged status | Not for loan | Home library | Current library | Date acquired | Cost, normal purchase price | Total checkouts | Full call number | Barcode | Date last seen | Price effective from | Koha item type |
|---|---|---|---|---|---|---|---|---|---|---|---|---|---|
| Dewey Decimal Classification | Information Access | Acquisition, Cataloguing, Classification and Distribution Development | 05/11/2026 | 1124.00 | 813.91 DES | B237423 | 05/11/2026 | 05/11/2026 | Books |
